<?xml version="1.0" encoding="UTF-8"?>
<record
    xmlns:xsi="http://www.w3.org/2001/XMLSchema-instance"
    xsi:schemaLocation="http://www.loc.gov/MARC21/slim http://www.loc.gov/standards/marcxml/schema/MARC21slim.xsd"
    xmlns="http://www.loc.gov/MARC21/slim">

  <leader>01747nam a22002177a 4500</leader>
  <controlfield tag="003">OSt</controlfield>
  <controlfield tag="005">20230706092026.0</controlfield>
  <controlfield tag="008">230705s2015    spa||||| |||| 00| 1 spa d</controlfield>
  <datafield tag="020" ind1=" " ind2=" ">
    <subfield code="a">9789500437202</subfield>
  </datafield>
  <datafield tag="040" ind1=" " ind2=" ">
    <subfield code="b">spa</subfield>
    <subfield code="c">besoc</subfield>
  </datafield>
  <datafield tag="100" ind1="1" ind2=" ">
    <subfield code="a">Walpole, Hugh</subfield>
    <subfield code="d">(1884-1941)</subfield>
    <subfield code="e">autor</subfield>
  </datafield>
  <datafield tag="245" ind1="1" ind2="0">
    <subfield code="a">En la plaza oscura /</subfield>
    <subfield code="c">Hugh Walpole ; traducci&#xF3;n de Cecilia Ingenieros</subfield>
  </datafield>
  <datafield tag="250" ind1=" " ind2=" ">
    <subfield code="a">1a ed.</subfield>
  </datafield>
  <datafield tag="260" ind1=" " ind2=" ">
    <subfield code="a">Buenos Aires :</subfield>
    <subfield code="b">Emec&#xE9;, </subfield>
    <subfield code="c">2015</subfield>
  </datafield>
  <datafield tag="300" ind1=" " ind2=" ">
    <subfield code="a">284 p.</subfield>
  </datafield>
  <datafield tag="490" ind1=" " ind2=" ">
    <subfield code="a">El s&#xE9;ptimo c&#xED;rculo / colecci&#xF3;n creada por Jorge Luis Borges y Adolfo Bioy Casares</subfield>
  </datafield>
  <datafield tag="520" ind1=" " ind2=" ">
    <subfield code="a">Un d&#xED;a de invierno, a las cinco de la tarde, Ricardo Gunn se encuentra en Piccadilly Circus. Tiene cuatro chelines en el bolsillo y un ejemplar de primer volumen del Quijote. No sabe si gastar sus &#xFA;ltimas monedas en cortarse el pelo o en comer. Opta por lo primero y en la barber&#xED;a entrev&#xE9; al hombre m&#xE1;s detesta en el mundo. A trav&#xE9;s de las muchas aventuras que luego le suceden, lo acompa&#xF1;a el ejemplar del Quijote. En la Plaza Oscura narra la historia de una noche en la que parecen cifrarse todas las cosas que pueden ocurrirle a un hombre: la exaltaci&#xF3;n del amor, la devoci&#xF3;n de la amistad, las fiestas y los terrores de la memoria, los caminos irreversibles del crimen. "Oye, Elena. Nunca he estado en buenos t&#xE9;rminos con esta vida. Nunca he visto las cosas correctamente. He estado, si quieres llamarlo as&#xED;, un poco ebrio ... Pero una cosa vi con claridad: que la vida es una lucha entre los que construyen y los que destruyen, los afirmantes y los negadores. No era sentimental con respecto a esto. Lo vi con una gravedad mortal  [Nota del editor].</subfield>
  </datafield>
  <datafield tag="650" ind1=" " ind2="4">
    <subfield code="a">Literatura inglesa</subfield>
    <subfield code="v">Novelas</subfield>
    <subfield code="y">Siglo XX</subfield>
  </datafield>
  <datafield tag="700" ind1="1" ind2=" ">
    <subfield code="a">Ingenieros, Cecilia </subfield>
    <subfield code="e">traductor</subfield>
  </datafield>
  <datafield tag="942" ind1=" " ind2=" ">
    <subfield code="2">udc</subfield>
    <subfield code="c">OG</subfield>
    <subfield code="n">0</subfield>
  </datafield>
  <datafield tag="999" ind1=" " ind2=" ">
    <subfield code="c">22</subfield>
    <subfield code="d">22</subfield>
  </datafield>
  <datafield tag="952" ind1=" " ind2=" ">
    <subfield code="0">0</subfield>
    <subfield code="1">0</subfield>
    <subfield code="2">udc</subfield>
    <subfield code="4">0</subfield>
    <subfield code="7">0</subfield>
    <subfield code="8">CG</subfield>
    <subfield code="a">ESOCIALES</subfield>
    <subfield code="b">ESOCIALES</subfield>
    <subfield code="d">2023-07-06</subfield>
    <subfield code="l">0</subfield>
    <subfield code="o">82-312.4(410) W218</subfield>
    <subfield code="p">000661</subfield>
    <subfield code="r">2023-07-06 00:00:00</subfield>
    <subfield code="w">2023-07-06</subfield>
    <subfield code="y">OG</subfield>
  </datafield>
</record>
